000 00640nam a22001577a 4500
999 _c60861
_d60861
005 20231110172707.0
008 231110s2005 ru ||||| |||| 00| 0 rus d
041 _arus
080 _a902(32) +930.85 Б-41
100 _aБейджент, Майкл.
_920339
245 _aЗапретная археология :
_bСенсации и мистификации древней и ранней истории /
_cМайкл Бейджент.
264 _aМосква:
_b Эксмо,
_c2005.
300 _a320с. :
_bил. ;
_c21см.
653 _aცივილიზაციის ისტორია
942 _2udc
_cᲬᲘᲒᲜᲘ